[Event "4th ChessMates Murmansk 2020"]
[Site "Murmansk"]
[Date "2020.03.14"]
[Round "4.16"]
[White "Shilnikov, Anton"]
[Black "Kien, Clovis"]
[Result "0-1"]
[WhiteElo "1769"]
[BlackElo "1765"]
[Annotator "NA RC"]
[PlyCount "68"]
[EventDate "2020.03.13"]
[EventType "team-tourn"]
[EventCountry "RUS"]
[SourceTitle "playchess.com"]
[Source "ChessBase"]
[SourceQuality "1"]
[TimeControl "5400+30"]

1. e4 {[%emt 0:00:00]} c5 {[%emt 0:02:01]} 2. a3 {[%emt 0:00:00]} g6 {[%emt 0:02:50]} 3. b4 {[%emt 0:00:00]} Bg7 {[%emt 0:00:10]} 4. c3 {[%emt 0:00:13]} d6 {[%emt 0:03:05]} 5. Nf3 {[%emt 0:01:02]} e6 {[%emt 0:09:31]} 6. bxc5 {[%emt 0:03:41]} dxc5 {[%emt 0:00:19]} 7. Bc4 {[%emt 0:00:53]} Nc6 {[%emt 0:04:03]} 8. O-O {[%emt 0:01:41]} Nge7 {[%emt 0:02:12]} 9. Re1 {[%emt 0:04:13]} Qc7 {[%emt 0:11:07]} 10. d3 {[%emt 0:04:01]} O-O {[%emt 0:00:46]} 11. Be3 {[%emt 0:00:16]} b6 {[%emt 0:00:21]} 12. Qc1 {[%emt 0:01:54]} Rd8 {[%emt 0:02:53]} 13. Rd1 {[%emt 0:01:54]} Na5 {[%emt 0:11:09]} 14. Ba2 {[%emt 0:01:51]} Ba6 {[%emt 0:00:33]} 15. d4 {[%emt 0:01:27]} Be2 {[%emt 0:01:26]} 16. Bf4 {[%emt 0:01:48]} Qb7 {[%emt 0:03:22]} 17. e5 {[%emt 0:07:26]} Bxd1 {[%emt 0:05:09]} 18. Qxd1 {[%emt 0:00:04]} cxd4 {[%emt 0:01:54]} 19. cxd4 {[%emt 0:00:20]} Rac8 {[%emt 0:07:55]} 20. Nbd2 {[%emt 0:04:08]} Nf5 {[%emt 0:00:45]} 21. Bg5 {[%emt 0:05:14]} Rd7 {[%emt 0:00:15]} 22. Nf1 {[%emt 0:04:23]} Nxd4 {[%emt 0:03:49]} 23. Nxd4 {[%emt 0:03:25]} Bxe5 {[%emt 0:00:09]} 24. Qg4 {[%emt 0:04:13]} Rxd4 {[%emt 0:03:23]} 25. Qh3 {[%emt 0:01:30]} Nc4 {[%emt 0:03:27]} 26. Re1 {[%emt 0:03:30]} Bg7 {[%emt 0:02:56]} 27. Ng3 {[%emt 0:03:17]} Qd5 {[%emt 0:00:52]} 28. Be3 {[%emt 0:04:15]} Rd1 {[%emt 0:00:21]} 29. Rf1 {[%emt 0:02:05]} Qd3 {[%emt 0:00:16]} 30. Bxc4 {[%emt 0:07:11]} Rxc4 {[%emt 0:00:28]} 31. Rxd1 {[%emt 0:01:05]} Qxd1+ {[%emt 0:00:02]} 32. Nf1 {[%emt 0:00:06]} Qg4 {[%emt 0:01:11]} 33. Nd2 {[%emt 0:02:16]} Rc1+ {[%emt 0:00:35]} 34. Nf1 {[%emt 0:00:05]} Qxh3 {[%emt 0:00:05]} 0-1

[Event "4th ChessMates Murmansk 2020"]
[Site "Murmansk"]
[Date "2020.03.14"]
[Round "4.17"]
[White "Gherghinoiu, Lucas"]
[Black "Baranov, Ivan"]
[Result "1-0"]
[WhiteElo "2109"]
[BlackElo "1671"]
[Annotator "TA"]
[PlyCount "99"]
[EventDate "2020.03.13"]
[EventType "team-tourn"]
[EventCountry "RUS"]
[SourceTitle "playchess.com"]
[Source "ChessBase"]
[SourceQuality "1"]

{[%evp 22,99,55,58,99,76,122,126,122,122,132,123,123,124,117,20,52,17,31,0,35,0,13,-10,-15,-97,0,0,24,14,14,30,64,45,87,82,94,88,96,87,372,370,371,356,337,346,332,301,425,420,529,521,492,466,445,393,524,543,542,526,527,512,498,483,504,473,580,557,577,543,906,898,2879,689,12840,12828,29986,29987,29988,29989]} 1. e4 c5 2. Nf3 Nc6 3. d4 cxd4 4. Nxd4 e5 5. Nb5 d6 6. N1c3 a6 7. Na3 b5 8. Nd5 Nge7 9. c4 Nxd5 10. exd5 Nd4 11. cxb5 Be7 12. Bd3 Bb7 {B32: Sicilian: Löwenthal and Kalashnikov Variations.} 13. Be3 O-O 14. Bxd4 exd4 {White is better.} 15. O-O Bf6 16. bxa6 Bxa6 {[#]} 17. Bxa6 $146 ({Predecessor:} 17. Nc4 Bb7 18. a4 Bxd5 19. Qh5 Be4 20. Bxe4 g6 21. Qf3 Rc8 22. Bd5 Be5 23. a5 {1-0 (31) G,A (2400)-Dassanayake,D (1859) Bhubaneswar 2016}) 17... Rxa6 18. Qd3 (18. Nb5 $16) 18... Qa8 $1 $11 19. Rfc1 Rb8 20. Rc2 g6 21. Rac1 Ra5 22. Rc6 Rxd5 23. h3 (23. b4 $1 $11) 23... Re8 (23... Kg7 $17 24. R6c2 {[#]} Rc5 $1 {[%mdl 512]}) 24. Nb5 {aiming for Nc7.} Re1+ 25. Rxe1 Qxc6 26. a4 $1 Kg7 27. b3 Rg5 {[%csl Gg5][%cal Rc6g2]} 28. g3 Re5 29. Rd1 Rd5 30. Qe4 {Nc7! is the strong threat.} Be5 $2 {[%mdl 8192] This move loses the game for Black.} (30... Qc5 $16) 31. Nxd4 $18 Bxd4 32. Rxd4 {[%mdl 4096] Endgame KQR-KQR} Qc1+ 33. Kg2 Re5 34. Rc4 {White wants to mate with Qxe5+!} Rxe4 (34... Qd1 {was called for.} 35. Qf3 Qa1) 35. Rxc1 {KR-KR} Rb4 36. Rb1 Kf6 37. a5 {[%cal Ba4a5,Ba5a6,Ba6a7][%mdl 32]} Ke6 38. a6 Rb6 39. Ra1 {And now a7 would win.} Rb8 40. a7 Ra8 41. Kf3 Kd5 42. Kf4 f6 43. h4 Kc5 44. Ke4 d5+ 45. Kd3 h5 {[#]} 46. b4+ $1 {[%cal Bb3b4,Bb4b5,Bb5b6][%mdl 544]} Kd6 (46... Kxb4 47. Kd4) 47. Kd4 (47. Ra6+ $142 Kc7 48. Rxf6) 47... Ke6 48. Ra6+ Kf5 49. b5 g5 50. b6 {Accuracy: White = 72%, Black = 37%.} 1-0

[Event "4th ChessMates Murmansk 2020"]
[Site "Murmansk"]
[Date "2020.03.14"]
[Round "4.18"]
[White "Chervyakova, Tatiana"]
[Black "Fougerat, Emma"]
[Result "1-0"]
[WhiteElo "1489"]
[BlackElo "1668"]
[Annotator "NA RC"]
[PlyCount "121"]
[EventDate "2020.03.13"]
[EventType "team-tourn"]
[EventCountry "RUS"]
[SourceTitle "playchess.com"]
[Source "ChessBase"]
[SourceQuality "1"]
[TimeControl "5400+30"]

1. e4 {[%emt 0:00:00]} c5 {[%emt 0:00:00]} 2. d3 {[%emt 0:00:00]} d6 {[%emt 0:00:11]} 3. Be2 {[%emt 0:00:26]} Nf6 {[%emt 0:00:10]} 4. f4 {[%emt 0:00:32]} g6 {[%emt 0:01:04]} 5. Nf3 {[%emt 0:00:15]} Bg7 {[%emt 0:00:22]} 6. O-O {[%emt 0:00:45]} O-O {[%emt 0:00:13]} 7. c3 {[%emt 0:01:56]} Nc6 {[%emt 0:02:37]} 8. Kh1 {[%emt 0:02:04]} b5 {[%emt 0:02:57]} 9. Be3 {[%emt 0:20:12]} b4 {[%emt 0:07:11]} 10. Qc2 {[%emt 0:07:14]} Bb7 {[%emt 0:04:03]} 11. Nbd2 {[%emt 0:04:44]} a5 {[%emt 0:03:20]} 12. a4 {[%emt 0:07:22]} Qc7 {[%emt 0:08:20]} 13. d4 {[%emt 0:07:17]} cxd4 {[%emt 0:08:45]} 14. cxd4 {[%emt 0:00:47]} Rfc8 {[%emt 0:01:43]} 15. Qb3 {[%emt 0:07:24]} Qd7 {[%emt 0:04:45]} 16. d5 {[%emt 0:02:40]} Nb8 {[%emt 0:12:03]} 17. Bb5 {[%emt 0:04:52]} Qc7 {[%emt 0:04:49]} 18. Nc4 {[%emt 0:06:56]} Nbd7 {[%emt 0:01:55]} 19. Qd3 {[%emt 0:01:56]} Nc5 {[%emt 0:00:52]} 20. Bxc5 {[%emt 0:01:21]} Qxc5 {[%emt 0:00:43]} 21. Nfd2 {[%emt 0:01:44]} Qc7 {[%emt 0:07:45]} 22. Rac1 {[%emt 0:01:10]} h5 {[%emt 0:06:33]} 23. Nb3 {[%emt 0:01:10]} Qd8 {[%emt 0:00:46]} 24. Nd4 {[%emt 0:03:56]} Kf8 {[%emt 0:03:08]} 25. Nc6 {[%emt 0:02:08]} Qc7 {[%emt 0:01:54]} 26. Nd4 {[%emt 0:02:12]} Kg8 {[%emt 0:00:47]} 27. Rc2 {[%emt 0:01:43]} Qd8 {[%emt 0:01:56]} 28. Rfc1 {[%emt 0:01:54]} Ng4 {[%emt 0:00:45]} 29. h3 {[%emt 0:00:43]} Nf6 {[%emt 0:00:24]} 30. Nc6 {[%emt 0:00:52]} Bxc6 {[%emt 0:03:01]} 31. Bxc6 {[%emt 0:00:16]} Rab8 {[%emt 0:01:56]} 32. Kh2 {[%emt 0:01:10]} Nd7 {[%emt 0:00:28]} 33. Bxd7 {[%emt 0:00:17]} Rxc4 {[%emt 0:00:53]} 34. Qxc4 {[%emt 0:01:52]} Qxd7 {[%emt 0:00:01]} 35. Qc6 {[%emt 0:00:31]} Qa7 {[%emt 0:00:37]} 36. Qc7 {[%emt 0:00:49]} Qxc7 {[%emt 0:00:16]} 37. Rxc7 {[%emt 0:00:09]} Bxb2 {[%emt 0:00:02]} 38. Rc8+ {[%emt 0:00:54]} Rxc8 {[%emt 0:00:02]} 39. Rxc8+ {[%emt 0:00:03]} Kg7 {[%emt 0:00:39]} 40. Ra8 {[%emt 0:00:19]} Bc3 {[%emt 0:00:38]} 41. Rxa5 {[%emt 0:00:07]} b3 {[%emt 0:00:00]} 42. Rb5 {[%emt 0:00:02]} b2 {[%emt 0:00:01]} 43. a5 {[%emt 0:00:42]} Bxa5 {[%emt 0:00:22]} 44. Rxb2 {[%emt 0:00:06]} Bc3 {[%emt 0:00:22]} 45. Rc2 {[%emt 0:01:15]} Bf6 {[%emt 0:00:20]} 46. Re2 {[%emt 0:00:49]} e5 {[%emt 0:02:53]} 47. dxe6 {[%emt 0:00:12]} fxe6 {[%emt 0:00:01]} 48. Rd2 {[%emt 0:00:53]} Be7 {[%emt 0:00:02]} 49. g4 {[%emt 0:00:25]} hxg4 {[%emt 0:00:22]} 50. hxg4 {[%emt 0:00:12]} e5 {[%emt 0:00:53]} 51. fxe5 {[%emt 0:00:50]} dxe5 {[%emt 0:00:04]} 52. Kg3 {[%emt 0:01:39]} Bg5 {[%emt 0:00:54]} 53. Rf2 {[%emt 0:01:23]} Bf4+ {[%emt 0:00:10]} 54. Rxf4 {[%emt 0:00:12]} exf4+ {[%emt 0:00:01]} 55. Kxf4 {[%emt 0:00:12]} Kf7 {[%emt 0:00:15]} 56. Kg5 {[%emt 0:00:09]} Kg7 {[%emt 0:00:12]} 57. e5 {[%emt 0:00:08]} Kf7 {[%emt 0:00:07]} 58. e6+ {[%emt 0:00:12]} Kxe6 {[%emt 0:00:02]} 59. Kxg6 {[%emt 0:00:05]} Ke7 {[%emt 0:00:16]} 60. Kg7 {[%emt 0:00:46]} Ke6 {[%emt 0:00:24]} 61. g5 {[%emt 0:00:19]} 1-0

[Event "4th ChessMates Murmansk 2020"]
[Site "Murmansk"]
[Date "2020.03.14"]
[Round "4.19"]
[White "Matsumura, Cocoro"]
[Black "Filimonov, Viktor"]
[Result "1-0"]
[WhiteElo "1896"]
[BlackElo "1481"]
[Annotator "NA RC"]
[PlyCount "118"]
[EventDate "2020.03.13"]
[EventType "team-tourn"]
[EventCountry "RUS"]
[SourceTitle "playchess.com"]
[Source "ChessBase"]
[SourceQuality "1"]
[TimeControl "5400+30"]

{[%evp 8,93,18,32767,0,0,32767,-7,-6,-49,32767,32767,32767,-110,-110,32767,32767,-124,4,0,53,-28,29,47,43,14,59,50,54,26,0,0,-3,-6,0,-41,0,-21,-25,-29,-36,-49,14,25,32767,32767,32767,32767,32767,32767,32767,32767,0,-11,-36,-19,-24,-119,7,8,4,2,1,0,37,0,3,5,20,12,8,3,30,16,34,8,89,0,0,0,0,0,118,120,130,117,117,16]} 1. e4 {[%emt 0:00:00]} c6 {[%emt 0:00:00]} 2. d4 {[%emt 0:00:00]} d5 {[%emt 0:00:03]} 3. e5 {[%emt 0:00:00]} c5 {[%emt 0:00:11]} 4. dxc5 {[%emt 0:00:43]} e6 {[%emt 0:00:10]} 5. c4 {[%emt 0:06:22]} Bxc5 {[%emt 0:04:02]} 6. cxd5 {[%emt 0:02:04] B12: Caro-Kann: Advance Variation.} exd5 {[%emt 0:01:55]} 7. Nf3 {[%emt 0:02:16]} Nc6 {[%emt 0:02:35]} 8. Bd3 {[%emt 0:04:13]} Nge7 {[%emt 0:03:32]} 9. O-O {[%emt 0:02:11]} Bg4 {[%emt 0:01:49] [#]} 10. Re1 $146 {[%emt 0:03:45]} (10. Nc3 $15) ({Predecessor:} 10. Bf4 Bd4 11. Nbd2 Bxe5 12. Qa4 Bxf4 13. Qxf4 Bxf3 14. Nxf3 h6 15. Rfe1 O-O 16. b4 {0-1 (52) Portmann,D (2090)-Siegel,G (2475) Graechen 1999}) 10... Qb6 {[%emt 0:01:54]} 11. Be3 {[%emt 0:15:33]} Bxe3 {[%emt 0:04:13]} 12. Rxe3 {[%emt 0:02:51]} O-O-O {[%emt 0:02:52]} ({But not} 12... Qxb2 $6 13. Nbd2 $11) (12... Bxf3 $17 13. Rxf3 Qxb2) 13. Nbd2 {[%emt 0:10:05]} Ng6 {[%emt 0:02:41]} 14. Qa4 {[%emt 0:06:34]} (14. Bxg6 $14 hxg6 15. h3 Bxf3 16. Nxf3) 14... Bd7 {[%emt 0:02:34]} 15. Rc1 {[%emt 0:03:56]} Kb8 $1 {[%emt 0:03:08]} 16. Qa3 {[%emt 0:00:40]} Qb4 {[%emt 0:04:13]} (16... Be6 $11) 17. Qxb4 {[%emt 0:08:46]} Nxb4 {[%emt 0:00:07]} 18. Bb1 {[%emt 0:00:33]} (18. Bxg6 $5 hxg6 19. a3 $11) 18... Rc8 {[%emt 0:01:40]} 19. Nb3 {[%emt 0:12:52]} Rxc1+ {[%emt 0:02:41]} 20. Nxc1 {[%emt 0:00:02]} Rc8 {[%emt 0:01:53]} 21. Re1 {[%emt 0:05:37]} Nf4 {[%emt 0:03:48]} 22. g3 {[%emt 0:01:53] [#]} Rxc1 $1 {[%emt 0:03:15]} 23. gxf4 {[%emt 0:00:34]} Rc4 {[%emt 0:00:40]} 24. f5 {[%emt 0:05:01]} Bxf5 {[%emt 0:09:05]} 25. Bxf5 {[%emt 0:01:11]} Rf4 {[%emt 0:00:09]} 26. Bxh7 {[%emt 0:01:24]} Rxf3 {[%emt 0:00:20]} 27. a3 {[%emt 0:00:35]} Nc6 {[%emt 0:00:37]} 28. Bb1 {[%emt 0:01:14]} d4 {[%emt 0:01:46]} 29. Kg2 {[%emt 0:01:34]} Rb3 {[%emt 0:01:36]} 30. Ba2 {[%emt 0:01:04]} Rxb2 {[%emt 0:00:20]} 31. Bxf7 {[%emt 0:00:05]} Kc7 {[%emt 0:00:57]} 32. Kf3 {[%emt 0:01:22]} (32. Bd5 $11) 32... Kd8 {[%emt 0:01:08]} ({Better is} 32... d3 $17 33. Bd5 d2) 33. Bd5 {[%emt 0:00:33]} Ke7 {[%emt 0:01:03]} 34. Bxc6 {[%emt 0:00:28]} bxc6 {[%emt 0:00:07]} 35. Rg1 {[%emt 0:00:43]} Kf8 {[%emt 0:02:08]} 36. Ke4 {[%emt 0:00:37]} (36. Rc1 $14) 36... c5 {[%emt 0:02:03]} 37. f4 {[%emt 0:00:21]} Rxh2 {[%emt 0:00:50]} 38. Rc1 {[%emt 0:00:34]} Re2+ {[%emt 0:00:50]} 39. Kf5 {[%emt 0:00:28]} Kf7 {[%emt 0:01:07]} 40. Rxc5 {[%emt 0:00:15]} g6+ {[%emt 0:00:18]} 41. Kg4 {[%emt 0:00:27]} d3 {[%emt 0:00:48]} (41... Ke6 $11 {keeps the balance.}) 42. Rc7+ {[%emt 0:00:54]} (42. Rd5 $16) 42... Ke6 {[%emt 0:00:21]} 43. Rxa7 {[%emt 0:00:32]} Re1 {[%emt 0:00:13]} 44. Ra6+ {[%emt 0:00:07]} Kf7 {[%emt 0:00:05]} (44... Kd5 $11 {remains equal.}) 45. Rd6 {[%emt 0:00:09]} Rd1 {[%emt 0:00:16]} 46. Kf3 {[%emt 0:00:19]} d2 {[%emt 0:00:24]} 47. Ke2 $11 {[%emt 0:00:35]} (47. Ke3 $16) 47... Ra1 {[%emt 0:00:14]} 48. Rxd2 {[%emt 0:00:17]} Rxa3 {[%emt 0:00:11]} 49. Rd3 {[%emt 0:00:11]} Ra6 {[%emt 0:00:37]} 50. Kf3 {[%emt 0:00:21]} Ra1 {[%emt 0:00:36]} 51. Ke4 {[%emt 0:00:47]} Rf1 {[%emt 0:00:28]} 52. Rd4 {[%emt 0:00:21]} Ke6 {[%emt 0:00:19]} 53. Rd6+ {[%emt 0:00:17]} Kf7 {[%emt 0:00:05]} 54. Rf6+ {[%emt 0:00:16]} Kg7 {[%emt 0:00:08]} 55. Kd5 {[%emt 0:00:16]} Ra1 {[%emt 0:00:25]} 56. Rc6 {[%emt 0:01:48]} Ra7 {[%emt 0:00:25]} 57. Kd6 {[%emt 0:01:12]} Ra1 {[%emt 0:00:48]} 58. Kd7 {[%emt 0:00:25]} Kf7 {[%emt 0:00:31]} 59. e6+ {[%emt 0:00:17]} Kg7 1-0

[Event "4th ChessMates Murmansk 2020"]
[Site "Murmansk"]
[Date "2020.03.14"]
[Round "4.20"]
[White "Simakov, Vadim"]
[Black "Ider, Bayar"]
[Result "0-1"]
[WhiteElo "1605"]
[BlackElo "1730"]
[Annotator "NA RC"]
[PlyCount "98"]
[EventDate "2020.03.13"]
[EventType "team-tourn"]
[EventCountry "RUS"]
[SourceTitle "playchess.com"]
[Source "ChessBase"]
[SourceQuality "1"]
[TimeControl "5400+30"]

1. e4 {[%emt 0:00:00]} c5 {[%emt 0:00:00]} 2. c3 {[%emt 0:00:00]} d5 {[%emt 0:00:00]} 3. exd5 {[%emt 0:00:00]} Qxd5 {[%emt 0:00:00]} 4. d4 {[%emt 0:00:19]} Nf6 {[%emt 0:00:15]} 5. Nf3 {[%emt 0:00:35]} Nc6 {[%emt 0:01:12]} 6. Be2 {[%emt 0:01:14]} e6 {[%emt 0:01:30]} 7. O-O {[%emt 0:01:54]} cxd4 {[%emt 0:01:12]} 8. cxd4 {[%emt 0:02:09]} Be7 {[%emt 0:01:33]} 9. Nc3 {[%emt 0:02:36]} Qd8 {[%emt 0:00:05]} 10. Bf4 {[%emt 0:02:14]} a6 {[%emt 0:00:14]} 11. h3 {[%emt 0:02:21]} O-O {[%emt 0:00:11]} 12. Rc1 {[%emt 0:01:59]} Nb4 {[%emt 0:15:39]} 13. a3 {[%emt 0:07:18]} Nbd5 {[%emt 0:00:27]} 14. Nxd5 {[%emt 0:01:41]} Nxd5 {[%emt 0:00:05]} 15. Bg3 {[%emt 0:03:04]} b5 {[%emt 0:05:03]} 16. Bd3 {[%emt 0:03:07]} Bb7 {[%emt 0:02:01]} 17. Qe2 {[%emt 0:03:43]} Bd6 {[%emt 0:09:45]} 18. Qe4 {[%emt 0:02:59]} g6 {[%emt 0:00:34]} 19. Be5 {[%emt 0:03:13]} Bxe5 {[%emt 0:07:00]} 20. dxe5 {[%emt 0:01:23]} Qe7 {[%emt 0:04:34]} 21. Qg4 {[%emt 0:01:43]} f5 {[%emt 0:02:29]} 22. exf6 {[%emt 0:01:16]} Nxf6 {[%emt 0:00:08]} 23. Qg5 {[%emt 0:01:30]} Bxf3 {[%emt 0:00:21]} 24. gxf3 {[%emt 0:00:21]} Qg7 {[%emt 0:00:12]} 25. Rc6 {[%emt 0:01:18]} Nd5 {[%emt 0:03:36]} 26. Be4 {[%emt 0:03:39]} Nf4 {[%emt 0:00:14]} 27. Kh2 {[%emt 0:02:11]} Rae8 {[%emt 0:07:57]} 28. b4 {[%emt 0:01:43]} h6 {[%emt 0:05:22]} 29. Qg4 {[%emt 0:02:03]} g5 {[%emt 0:02:50]} 30. Rc5 {[%emt 0:01:20]} Rc8 {[%emt 0:05:33]} 31. Rfc1 {[%emt 0:02:39]} Rxc5 {[%emt 0:00:36]} 32. Rxc5 {[%emt 0:00:09]} Qd4 {[%emt 0:02:16]} 33. Qg1 {[%emt 0:03:27]} Ne2 {[%emt 0:13:09]} 34. Qe1 {[%emt 0:00:59]} Nf4 {[%emt 0:01:00]} 35. Qe3 {[%emt 0:01:35]} Qd6 {[%emt 0:00:37]} 36. Rc6 {[%emt 0:01:01]} Qb8 {[%emt 0:02:30]} 37. Rb6 {[%emt 0:01:52]} Qc7 {[%emt 0:01:30]} 38. Rb7 {[%emt 0:01:27]} Qd6 {[%emt 0:02:18]} 39. Bh7+ {[%emt 0:00:35]} Kh8 {[%emt 0:00:08]} 40. Qc3+ {[%emt 0:00:39]} e5 {[%emt 0:00:05]} 41. Be4 {[%emt 0:01:30]} Qe6 {[%emt 0:00:19]} 42. Rh7+ {[%emt 0:01:29]} Kg8 {[%emt 0:00:05]} 43. Bd5 {[%emt 0:02:40]} Nxd5 {[%emt 0:00:27]} 44. Qc2 {[%emt 0:00:45]} Nf4 {[%emt 0:00:18]} 45. Rxh6 {[%emt 0:02:25]} Qxh6 {[%emt 0:00:08]} 46. Qf5 {[%emt 0:00:18]} Rxf5 {[%emt 0:00:08]} 47. h4 {[%emt 0:00:09]} Qxh4+ {[%emt 0:00:05]} 48. Kg1 {[%emt 0:00:05]} Nh3+ {[%emt 0:00:11]} 49. Kf1 {[%emt 0:00:05]} Qxf2# {[%emt 0:00:05]} 0-1

[Event "4th ChessMates Murmansk 2020"]
[Site "Murmansk"]
[Date "2020.03.14"]
[Round "4.21"]
[White "Venkatesan, Kavin"]
[Black "Karapetyan, Tigran"]
[Result "0-1"]
[WhiteElo "2021"]
[BlackElo "1823"]
[Annotator "TA"]
[PlyCount "74"]
[EventDate "2020.03.13"]
[EventType "team-tourn"]
[EventCountry "RUS"]
[SourceTitle "playchess.com"]
[Source "ChessBase"]
[SourceQuality "1"]

{[%evp 9,74,20,25,-29,-14,-50,-50,-66,-77,-79,-69,-67,-60,-106,-24,-37,0,0,14,-179,-163,-239,-230,-277,-276,-268,-264,-283,-279,-322,-300,-356,-295,-329,-289,-436,-429,-684,-704,-702,-706,-688,-683,-676,-664,-665,-681,-743,-723,-689,-698,-679,-687,-693,-687,-589,-410,-920,-855,-640,-612,-1040,-969,-1257,-1113,-1429,-1383]} 1. d4 e6 2. c4 f5 3. Nc3 Nf6 4. g3 Bb4 5. Bg2 O-O {[#]} 6. f4 $146 {A85: Dutch Defence: 2 c4 Nf6 3 Nc3.} ({White should try} 6. Bd2) ({Predecessor:} 6. Nf3 b6 7. Qb3 Bxc3+ 8. Qxc3 Bb7 9. b3 d6 10. O-O Qe7 11. Bb2 Nbd7 12. Rad1 Rae8 13. d5 e5 14. Nh4 {0-1 (51) David,A (2604)-Nakamura,H (2771) Arvier 2012}) 6... Nc6 7. Nh3 d6 8. e3 {Black is slightly better.} Bxc3+ 9. bxc3 Qe8 10. O-O b6 11. Ng5 Bb7 (11... h6 $17 12. Nf3 Na5) 12. d5 $1 $11 {[%cal Rd5c6]} Nd8 13. e4 h6 14. Nxe6 $2 {[#] This costs White the game.} (14. exf5 $11 {and White has nothing to worry.} exf5 15. Nf3) 14... Nxe6 $19 15. dxe6 (15. e5 $142 dxe5 16. fxe5) 15... Nxe4 16. Bxe4 Bxe4 17. Re1 Qxe6 18. Qe2 Rae8 19. Bb2 Qd7 20. Rad1 Qc6 {Hoping for ...Bf3.} 21. Qf2 Qxc4 22. a3 (22. Qd4 {was called for.} Qxa2 23. c4) 22... Bb7 {aiming for ...Qc6.} 23. Rxe8 (23. h3 $142) 23... Rxe8 24. Re1 Rxe1+ 25. Qxe1 Qd5 {[%csl Gb7][%cal Rd5g2] [#]} 26. Qe2 Qh1+ 27. Kf2 Qxh2+ 28. Kf1 Qh1+ 29. Kf2 Qg2+ 30. Ke1 Qxg3+ 31. Qf2 Qd3 32. Qe2 Qxe2+ 33. Kxe2 g5 {Black is clearly winning.} 34. Bc1 g4 35. Kf2 Kf7 36. Kg3 Ke6 37. Kh4 Kd5 {Accuracy: White = 36%, Black = 81%.} 0-1

[Event "4th ChessMates Murmansk 2020"]
[Site "Murmansk"]
[Date "2020.03.14"]
[Round "4.22"]
[White "Illina, Natalia"]
[Black "Goss, Alex"]
[Result "1-0"]
[WhiteElo "2081"]
[BlackElo "1811"]
[Annotator "TA"]
[PlyCount "119"]
[EventDate "2020.03.13"]
[EventType "team-tourn"]
[EventCountry "RUS"]
[SourceTitle "playchess.com"]
[Source "ChessBase"]
[SourceQuality "1"]

{[%evp 10,119,14,16,18,14,16,16,16,14,18,15,16,13,15,6,12,0,0,0,7,0,0,-41,0,-6,0,-47,-31,-44,0,-37,-39,-35,-34,-38,-21,-35,0,0,4,-8,-7,-4,38,56,45,42,78,85,85,45,80,78,83,88,154,160,154,137,147,160,106,22,22,22,22,27,27,28,31,25,81,41,385,369,369,369,518,487,473,426,1364,1248,29950,29952,6027,5077,29958,12794,12794,4538,1924,1164,29947,5414,29978,29979,29979,29980,29980,29981,29981,29982,29982,29982,29986,29986,29986,29987,29987,29988]} 1. e4 e6 2. d4 d5 3. Nd2 c5 4. exd5 Qxd5 5. Ngf3 cxd4 6. Bc4 Qd7 {is recently more successful than 6...Qd6. Played by Ian Nepomniachtchi in December 2019. C07: French Tarrasch: 3...c5, 4 Ngf3 and 4 exd5 Qxd5.} 7. O-O Nf6 8. Nb3 Nc6 {The position is equal.} 9. Nbxd4 Nxd4 10. Nxd4 a6 11. Re1 Bc5 12. Be3 O-O 13. Bb3 b6 14. Nf3 Qc7 {[#]} 15. Qe2 $146 ({Predecessor:} 15. Bxc5 Qxc5 16. Qd4 Qxd4 17. Nxd4 Bb7 18. Rad1 Rfd8 19. c3 Rd7 20. f3 Rad8 21. Kf2 {0-1 (46) Mamedov,R (2709)-Le,T (2485) chess.com INT 2018}) 15... Bb7 16. Rad1 Rad8 17. Rxd8 Rxd8 18. Bg5 Bd6 19. h3 Bf4 20. Bxf6 gxf6 21. a4 Kh8 22. c3 Qc6 {Threatening ...Rd2!} 23. Rd1 Rg8 {White must now prevent ...Qxf3.} 24. Kf1 b5 25. Bc2 f5 26. Qd3 bxa4 27. Qd4+ $1 {[%mdl 64] [#] Double Attack} e5 $1 {[%cal Re5d4][%mdl 512]} 28. Nxe5 Bxe5 29. Qxe5+ {[%mdl 64] Double Attack} f6 30. Qxf5 {[%csl Gc2][%cal Rf5h7]} Qxg2+ {[#]} 31. Ke1 $1 {[%csl Gc2][%cal Rf5h7][%mdl 512]} Re8+ {[#]} 32. Kd2 $1 {[%csl Gc2][%cal Rf5h7][%mdl 512]} Rd8+ ({Black should try} 32... Qg5+ 33. Qxg5 fxg5) 33. Kc1 $16 {[%csl Gc2][%cal Rf5h7]} Rxd1+ 34. Bxd1 Qg5+ 35. Qxg5 fxg5 36. Bxa4 {[%mdl 4096] Endgame KB-KB} ({Better is} 36. Kd2 $16) 36... Bc8 $11 37. h4 gxh4 {...Bb7 is the strong threat.} 38. Bc6 Kg7 39. Kd2 Kf6 40. Ke3 Ke5 (40... a5 $11) 41. Be4 h6 $2 {[%mdl 8192] Now Black is done in.} (41... h3 $14) 42. f4+ $18 Kf6 {[#]} 43. b4 $1 Ke6 (43... h3 $142 44. Kf2 Bf5) 44. c4 Kd6 45. Kd4 Kc7 (45... h3 $142 46. Ke3 Ke7) 46. f5 Kd6 47. c5+ Ke7 48. Ke5 Kf7 49. Bd5+ Kf8 50. c6 (50. f6 $142 h3 51. c6) 50... h3 {[#]} 51. f6 $1 h2 52. Kd6 h5 53. Kc7 {White mates.} Be6 54. Bh1 Kf7 55. Kb7 Kxf6 56. Kxa6 Ke5 57. c7 Kd4 58. b5 {[%cal Bb4b5,Bb5b6][%mdl 32]} Bc8+ 59. Ka7 Kc5 60. b6 {Accuracy: White = 82%, Black = 52%.} 1-0